000 00838cam a2200265u 4500
001 8717
003 BD-RjUL
005 20211208234634.0
008 140119s1960 enka 001 0 eng
035 _a(BD-RjUL)8762
040 _aDLC
_cCarP
_dDLC
_dBD-RjUL
_beng
041 _aeng
082 _219
_a535.33
_bINO 1960
110 2 _aInternational Commission for Optics. [from old catalog]
_927127
245 1 0 _aOptics in metrology /
_ceddited by Pol Mollet
260 _aOxford ;
_aNew York :
_bPergamon Press,
_cc1960.
300 _axix, 436 p. :
_billus., diagrs., tables. ;
_c23 cm.
504 _aIncludes index.
650 0 _aOptical measurements.
_927128
650 0 _aOptical instruments.
_927129
700 1 _aMollet, Pol, [from old catalog]
_eed.
_927130
942 _2ddc
_cBK
999 _c8717
_d8717